Polish-Danish Underwater Research in the Mouth of the Odra River
| Titel: | Polish-Danish Underwater Research in the Mouth of the Odra River |
|---|---|
| Verfasser: | |
| Beteiligt: | |
| In: |
Schutz des Kulturerbes unter Wasser, (2000), Seite 423-428 alle Artikel anzeigen |
| Veröffentlicht: | 2000 |
| Format: | Aufsatz |
| Sprache: | Englisch |
X
alg: 39165577 001A $01999:11-11-16 001B $01999:29-03-21 $t21:45:53.000 001D $01999:11-11-16 001U $0utf8 001X $00 002@ $0Aox 003@ $0391655779 007A $0391655779 $aHEB 007T $0Herd35922 010@ $aeng 011@ $a2000 021A $aPolish-Danish Underwater Research in the Mouth of the Odra River 028A $aKubacka $dPaulina 028B/01 $aPrzybytek $dMarcin 031A $h423-428 $j2000 037A $aBericht über seit 1961 durchgeführte gemeinsame Forschungen 037A $aRaport o wspólnych badaniach przeprowadzanych od 1961 r.039B $aIn $8--Aau--. Schutz des Kulturerbes unter Wasser. - Lübstorf : Archäologisches Landesmuseum Mecklenburg-Vorpommern, 2000. - 623 S.. - zahlr. Ill., graph. Darst., Kt. $x200000000000000577 $9098534580 045F $a930.1094380902 $eDDC23BSB 045F/01 $a930.1 045F/03 $f 045F/03 $g438 045F/03 $g43816 lok: 39165577 78 exp: 39165577 78 1 #EPN 201B/01 $019-02-19 $t22:36:09.000 201U/01 $0utf8 203@/01 $0787750344 208@/01 $a11-11-16 $be 209A/01 $a/ $f000 $x00 220C/01 $aTitelaufnehmer: cs 244Z/01 $2Trx $#Poola $#Lenkija $#Polija $#Polen Land $#Poland $#Lengyelország $#Poľsko $#Polsko $8--Trx--Polska$gkraj $x01 $9391345966 244Z/01 $2Trx $#Pomeranija $#Pommern $#Pomoransko $#Pomořansko $#Hinterpommern;Vorpommern;Mittelpommern $#Pomorze Środkowe;Pomorze Przednie $#Pomořansko;Západní Pomořany; Pomořany $8--Trx--Pomorze Zachodnie $x02 $9391303775 244Z/01 $#Oder $#Odra $74043112-5 $8--Tg1--Oder $x03 $9085120243 244Z/01 $aGeschichte 1961-1999 $x04 244Z/01 $2Trx $#suhted, Poola-Taani $#santykiai, danų ir lenkų $#relations, Danish-Polish $#dán-lengyel kapcsolatok $#stosunki duńsko-polskie $#vzťahy dánsko-poľské $#vztahy dánsko-polské $8--Trx--Beziehungen, dänisch-polnische $x05 $9391367951 244Z/01 $2Trx $#arheoloogia põhjavesi $#povandeninė archeologija $#archaeology underwater $#régészet vízalatt $#archeologia podwodna $#archeológia podmorská $#archeologie podmořská $8--Trx--Archäologie$gUnterwasser $x06 $939137527X 244Z/01 $2Trx $8--Trx--Einzelbeiträge $x07 $9391384570 245Z/01 $a05.03 $x01 247C/01 $82080>Marburg/Lahn, Herder-Institut, Forschungsbibliothek, Bibliographieportal $9336309341
| LEADER | 00000caa a22000002c 4500 | ||
|---|---|---|---|
| 001 | 391655779 | ||
| 003 | DE-603 | ||
| 005 | 20210329214553.0 | ||
| 007 | tu | ||
| 008 | 161111s2000 xx |||| | u00||u|eng c | ||
| 035 | |a (DE-599)HEB391655779 | ||
| 040 | |a DE-603 |b ger |c DE-603 |d DE-603 | ||
| 041 | |a eng | ||
| 082 | 0 | 4 | |8 1\u |a 930.1094380902 |q DE-101 |2 23/BSB |
| 085 | |8 1\u |b 930.1 | ||
| 085 | |8 1\u |z 2 |s 438 | ||
| 085 | |8 1\u |z 2 |s 43816 | ||
| 100 | 1 | |a Kubacka, Paulina | |
| 245 | 0 | 0 | |a Polish-Danish Underwater Research in the Mouth of the Odra River |
| 264 | 0 | |c 2000 | |
| 500 | |a Bericht über seit 1961 durchgeführte gemeinsame Forschungen | ||
| 500 | |a Raport o wspólnych badaniach przeprowadzanych od 1961 r. <pol> | ||
| 700 | 1 | |a Przybytek, Marcin | |
| 773 | 0 | 8 | |i In |t Schutz des Kulturerbes unter Wasser |d Lübstorf : Archäologisches Landesmuseum Mecklenburg-Vorpommern, 2000 |h 623 S., zahlr. Ill., graph. Darst., Kt. |g (2000), Seite 423-428 |w (DE-603)098534580 |
| 924 | 0 | |9 2080 |a (DE-603)787750344 |b DE-2080 |c HES |d d |g / | |


